Sports Quiz

Random Sports or Basketball Quiz

ACC Quiz Stats

 Plays Quiz Updated Oct 19, 2016

Score 0/30 Timer 05:00
6 Plays Today
% Correct
North Carolina
96.4%
Duke
95.9%
Blue Devils
88.1%
Tar Heels
87.9%
Virginia
87%
Florida State
84.4%
North Carolina State
83.7%
Virginia Tech
82.3%
Clemson
80.1%
Boston College
78.7%
Miami (FL)
78.5%
Georgia Tech
78%
Wake Forest
77.7%
Seminoles
75.5%
Tigers
74.4%
% Correct
Syracuse
73.8%
Hokies
72.3%
Hurricanes
71.9%
Cavaliers
71%
Eagles
69.4%
Wolfpack
68.9%
Yellow Jackets
68.4%
Orange
68%
Louisville
64.8%
Demon Deacons
64.6%
Pittsburgh
63.9%
Cardinals
60.4%
Notre Dame
59%
Panthers
55%
Fighting Irish
54.3%

You're not logged in!

Compare scores with friends on all Sporcle quizzes.
OR
Log In

Sporcle TV

Today on Sporcle TV


Watch our educational content, quiz creation guides, and fun videos on Sporcle TV.

Show Comments

Extras

Top Quizzes Today


Score Distribution

Your Account Isn't Verified!

In order to create a playlist on Sporcle, you need to verify the email address you used during registration. Go to your Sporcle Settings to finish the process.

Report this User

Report this user for behavior that violates our Community Guidelines.

Details: